000 00850nam a22001817a 4500
999 _c60640
_d60640
005 20230927172646.0
008 230927s1978 gw ||||| |||| 00| 0 ger d
020 _a 3733800052
041 _ager
080 _a738 S-31
100 _aSchade, Günter
_919938
245 _a Berliner Porzellan :
_bZur Kunst- und Kuturgeschichte der Berliner Porzellanmanufakturen im 18. und 19. Jahrhundert.
_cSchade, Günter.
264 _aLeipzig:
_bKoehler & Amelang,
_c1978.
300 _a228 p.:
_bill.;
_c22 cm.
653 _aბერლინის ფაიფური
653 _aმე-18 და მე-19 საუკუნეებში ბერლინის ფაიფურის ქარხნების ხელოვნებისა და კულტურული ისტორიის შესახებ
942 _2udc
_cBK